Alexandre Desplat Filmography - Statistics

General Stats
  • This quiz has been taken 5 times
  • The average score is 8 of 146
Answer Stats
Year Movie % Correct
2009 Fantastic Mr. Fox
75%
2014 Godzilla
75%
2010 Harry Potter and the Deathly Hallows Part 1
75%
2011 Harry Potter and the Deathly Hallows Part 2
75%
2014 The Grand Budapest Hotel
75%
2023 Asteroid City
50%
2021 The French Dispatch
50%
2012 Argo
25%
1999 Empty Days
25%
2025 Frankenstein
25%
2018 Isle of Dogs
25%
2019 Little Women
25%
1996 Love, etc.
25%
2014 The Imitation Game
25%
2010 The King's Speech
25%
2014 The Monuments Men
25%
2024 The Piano Lesson
25%
2017 The Shape of Water
25%
2013 Venus in Fur
25%
2012 Zero Dark Thirty
25%
2013 Zulu
25%
2002 11′09″01 September 11
0%
2017 12 Days
0%
2011 A Better Life
0%
2019 Adults in the Room
0%
2008 Afterwards
0%
2001 A Hell of A Day
0%
2023 Air
0%
2016 Alone in Berlin
0%
2016 American Pastoral
0%
1999 A Monkey's Tale
0%
2019 An Officer and A Spy
0%
2009 A Prophet
0%
2022 Argentina, 1985
0%
2003 A Sight For Sore Eyes
0%
1998 Atilano for President
0%
2017 Based on A True Story
0%
2010 Beautiful Darling
0%
2006 Being Jacques Chirac
0%
2004 Birth
0%
2020 Bye Bye Morons
0%
2011 Carnage
0%
2005 Casanova
0%
2009 Chéri
0%
2009 Coco Before Chanel
0%
2005 Derailed
0%
2015 Don't Tell Me the Boy Was Mad
0%
2003 Eager Bodies
0%
2025 Eagles of the Republic
0%
2021 Eiffel
0%
2015 Everything is Copy
0%
2015 Every Thing Will Be Fine
0%
2011 Extremely Loud and Incredibly Close
0%
2013 Fanny
0%
2022 Father and Soldier
0%
2022 Final Cut
0%
2016 Florence Foster Jenkins
0%
2003 Girl With A Pearl Earring
0%
2016 Gold
0%
2022 Guillermo del Toro's Pinocchio
0%
2016 Heal the Living
0%
2005 Hostage
0%
1999 I Didn't Do It
0%
2007 Intimate Enemies
0%
2012 Journal de France
0%
2009 Julie and Julia
0%
2018 Kursk
0%
1997 La femme du cosmonaute
0%
2011 Largo Winch II
0%
2012 Lay the Favorite
0%
2023 Lee
0%
2003 Le pacte du silence
0%
2004 Le pays des enfants perdus
0%
2003 Les beaux jours
0%
2016 Les Habitants
0%
2022 Lui
0%
2007 Lust, Caution
0%
2013 Marius
0%
2007 Michou d'Auber
0%
2012 Moonrise Kingdom
0%
2007 Mr. Magorium's Wonder Emporium
0%
2012 My Way
0%
2011 My Week With Marilyn
0%
2021 Nightmare Alley
0%
2023 Nyad
0%
2018 Operation Finale
0%
2013 Philomena
0%
2012 Reality
0%
2012 Renoir
0%
2003 Rire et châtiment
0%
2012 Rise of the Guardians
0%
2016 Rogue One: A Star Wars Story
0%
2011 Roman Polanski: A Film Memoir
0%
2012 Rust and Bone
0%
2007 Ségo et Sarko sont dans un bateau
0%
1997 Sous les pieds des femmes
0%
2017 Suburbicon
0%
2015 Suffragette
0%
2015 Suite Française
0%
1998 Sweet Revenge
0%
2005 Syriana
0%
2015 Tale of Tales
0%
2010 Tamara Drewe
0%
2006 The Alibi
0%
2009 The Army of Crime
0%
2005 The Beat That My Heart Skipped
0%
2011 The Big Year
0%
2023 The Boys in the Boat
0%
2018 The Command
0%
2004 The Corsican Fire
0%
2008 The Curious Case of Benjamin Button
0%
2015 The Danish Girl
0%
2006 The Firewall
0%
2010 The Ghost Writer
0%
2007 The Golden Compass
0%
2008 The Heir Apparent: Largo Winch
0%
2011 The Ides of March
0%
2016 The Light Between Oceans
0%
2022 The Lost King
0%
2000 The Luzhin Defence
0%
2020 The Midnight Sky
0%
2024 The Most Precious of Cargoes
0%
2002 The Nest
0%
2016 The Odyssey
0%
2022 The Outfit
0%
2006 The Painted Veil
0%
2023 The Palace
0%
2006 The Queen
0%
2016 The Secret Life of Pets
0%
2019 The Secret Life of Pets 2
0%
2017 The Shack
0%
2018 The Sisters Brothers
0%
2010 The Special Relationship
0%
2011 The Tree of Life
0%
2012 The Twilight Saga: Breaking Dawn Part 2
0%
2009 The Twilight Saga: New Moon
0%
2005 The Upside of Anger
0%
2006 The Valet
0%
2011 The Well-Digger's Daughter
0%
2001 Transfixed
0%
2005 Tu vas rire, mais je te quitte
0%
2014 Unbroken
0%
2005 Une aventure
0%
2024 Unstoppable
0%
2017 Valerian and the City of A Thousand Planets
0%
2006 When I Was A Singer
0%
No matching quizzes found
Score Distribution
Percent of People with Each Score
Percentile by Number Answered
Your Score History
You have not taken this quiz